000 00787cam a2200301 4500
001 ABS68002
008 040709n2004 000 0 eng u
035 _a(Sirsi) u126747
245 _aFocus 2: West Scotland
260 _c2004
490 _aEstates Gazette
_v(0427) 3 July 2004, 85-97(10)
590 _aABS
590 _aABS
650 _aWEST SCOTLAND
650 _aAYRSHIRE
650 _aGLASGOW
650 _aEDINBURGH
650 _aDUMFRIES
650 _aGALLOWAY
650 _aLANARKSHIRE
650 _aINDUSTRIAL MARKET
650 _aOFFICE MARKET
650 _aPROPERTY-COMMERCIAL PROPERTY-RETAIL PROPERTY-RETAIL PROPERTY MARKET
650 _aPOPULATION CHANGE
650 _aDEMOGRAPHIC CHANGE
690 _aCOMMERCIAL PROPERTY-MARKET
942 _n0
999 _c117677
_d117677